Lý luận, phê bình trước thực tế sáng tác văn học hôm nay /
保存先:
| 第一著者: | |
|---|---|
| フォーマット: | 論文 |
| 言語: | Vietnamese |
| 主題: | |
| タグ: |
タグ追加
タグなし, このレコードへの初めてのタグを付けませんか!
|
| Thư viện lưu trữ: | Thư viện Trường Đại học Đà Lạt |
|---|
| LEADER | 00793nam a2200253 4500 | ||
|---|---|---|---|
| 001 | DLU170182563 | ||
| 005 | ##20171220 | ||
| 040 | # | # | |a DLU |b vie |
| 041 | # | # | |a vie |
| 044 | # | # | |a vn |
| 100 | # | # | |a Lê Thành Nghị. |
| 245 | # | # | |a Lý luận, phê bình trước thực tế sáng tác văn học hôm nay / |c Lê Thành Nghị. |
| 653 | # | # | |a Lý luận văn học |
| 653 | # | # | |a Phê bình văn học |
| 653 | # | # | |a Sáng tác văn học |
| 773 | # | # | |t Tạp chí Lý luận, phê bình văn học, nghệ thuật |g Số 11, 2013, tr. 4-8 |
| 920 | # | # | |a Phòng Tạp chí --Trung tâm Thông tin - Thư viện Trường Đại học Đà Lạt |
| 900 | # | # | |a True |
| 911 | # | # | |a Lê Thị Hồng |
| 925 | # | # | |a G |
| 926 | # | # | |a A |
| 927 | # | # | |a BB |
| 980 | # | # | |a Thư viện Trường Đại học Đà Lạt |